000 00849nam a2200253 a 4500
003 BD-DhJNU
005 20251104045734.0
008 090721s2010 nyuag b 001 0 eng
020 _a9780415992022
040 _aBD-DhJNU
_bENG
_cBD-DhJNU
_dBD-DhJNU
082 0 0 _a781.542 MUS
_223
245 0 0 _aMusic in the horror film :
_blistening to fear /
_cedited by Neil Lerner
260 _aNew York :
_bRoutledge,
_c2010.
300 _axi, 240 p. :
_bill., music ;
_c23 cm.
336 _atext
_btxt
_2rdacontent
337 _aunmediated
_bn
_2rdamedia
338 _avolume
_bnc
_2rdacarrier
490 1 _aRoutledge music and screen media series
504 _aIncludes bibliographical references and index.
650 0 _aMotion pictures and music.
650 0 _aHorror films
_xHistory and criticism.
700 1 _aLerner, Neil William,
_d1966-
942 _cBK
999 _c2337
_d2337